[Event "Sparkassen-Open A"]
[Site "Heusenstamm, Martinsee"]
[Date "2024.11.22"]
[Round "2.51"]
[White "Petersen, Henrik"]
[Black "Griesfeller, Sven"]
[Result "1-0"]
[WhiteElo "2194"]
[BlackElo "1818"]
[PlyCount "51"]
[EventDate "2024.11.21"]
[WhiteTeam "SV 03/25 Koblenz"]
[BlackTeam "Schachdrachen Büdingen-Wächtersb"]

1. Nf3 d5 2. c4 Nf6 3. cxd5 Nxd5 4. e4 Nf6 5. Nc3 c5 6. d4 cxd4 7. Qxd4 Qxd4 8. Nxd4 e5 9. Ndb5 Na6 10. Bg5 Be6 11. O-O-O Rd8 12. Rxd8+ Kxd8 13. Nxa7 Nc7 14. f3 Bc5 15. Nab5 Na6 16. Be2 Kc8 17. Kb1 Kb8 18. Na4 Be7 19. Be3 Nd7 20. Rc1 Nb4 21. Bc4 Bxc4 22. Rxc4 Rd8 23. Ba7+ Ka8 24. Rc7 Nc6 25. Rxd7 Nxa7 26. Nc7+ 1-0

[Event "Sparkassen-Open A"]
[Site "Heusenstamm, Martinsee"]
[Date "2024.11.22"]
[Round "2.52"]
[White "Poysti, Nathanael"]
[Black "Diehl, Stefan"]
[Result "1-0"]
[WhiteElo "2187"]
[BlackElo "1865"]
[PlyCount "56"]
[EventDate "2024.11.21"]
[WhiteTeam "ohne Verein"]
[BlackTeam "SC Eschborn 1974"]

1. c4 f5 2. g3 Nf6 3. Bg2 e6 4. Nf3 c6 5. O-O d5 6. d3 Bd6 7. cxd5 exd5 8. Nc3 O-O 9. e4 fxe4 10. dxe4 dxe4 11. Ng5 Be7 12. Qb3+ Nd5 13. Ngxe4 Kh8 14. Rd1 Bg4 15. Qxb7 Bxd1 16. Qxa8 Nxc3 17. Nxc3 Bf3 18. Be3 Bg5 19. Qxa7 Bxg2 20. Kxg2 Bxe3 21. Qxe3 Na6 22. Rd1 Qe8 23. Rd7 Nb4 24. a3 Nc2 25. Qe4 Na1 26. Qe5 Rg8 27. Ne4 Nc2 28. Ng5 c5 1-0

[Event "Sparkassen-Open A"]
[Site "Heusenstamm, Martinsee"]
[Date "2024.11.22"]
[Round "2.53"]
[White "Dorfner, Jeremias"]
[Black "Michels, Achim"]
[Result "0-1"]
[WhiteElo "1882"]
[BlackElo "2163"]
[PlyCount "98"]
[EventDate "2024.11.21"]
[WhiteTeam "TV-Großostheim 1900 e.V."]
[BlackTeam "SC ML Kastellaun"]

1. e4 c5 2. d4 cxd4 3. Qxd4 Nc6 4. Qd3 a6 5. Nc3 d6 6. h3 Nf6 7. Nf3 g6 8. Be2 Bg7 9. O-O b5 10. Nd5 Bb7 11. c3 O-O 12. Bg5 Nxd5 13. exd5 Na5 14. Nd2 Rc8 15. a4 Rc5 16. Bf3 Nc4 17. Nxc4 bxc4 18. Qd2 Qd7 19. Rfe1 Re8 20. Ra3 Ra5 21. Bg4 Qc7 22. Bf3 e6 23. dxe6 fxe6 24. Bxb7 Qxb7 25. Be3 Rd5 26. Qe2 Rd3 27. a5 Qb5 28. Qc2 Rb8 29. Bb6 Kf7 30. Qa4 Qxa4 31. Rxa4 d5 32. Re2 Rd1+ 33. Kh2 Rb1 34. f4 Bf8 35. g3 Bd6 36. Kg2 h6 37. h4 Be7 38. Kf3 g5 39. hxg5 hxg5 40. Ke3 gxf4+ 41. gxf4 Bd6 42. Rf2 Rh8 43. Ra2 Rh3+ 44. Kd2 Kf6 45. Kc2 Rhh1 46. Be3 Kf5 47. Bd2 Rbf1 48. Re2 Bxf4 49. Bxf4 Kxf4 0-1

[Event "Sparkassen-Open A"]
[Site "Heusenstamm, Martinsee"]
[Date "2024.11.22"]
[Round "2.54"]
[White "Windmüller, Simon"]
[Black "Shanawaz Thabrez, Shahzaib"]
[Result "1-0"]
[WhiteElo "2108"]
[BlackElo "1882"]
[PlyCount "87"]
[EventDate "2024.11.21"]
[WhiteTeam "SC Turm Illingen"]
[BlackTeam "SK Langen"]

1. d4 Nf6 2. c4 g6 3. Nc3 Bg7 4. e4 d6 5. Nf3 O-O 6. Be2 e5 7. Be3 exd4 8. Nxd4 Re8 9. f3 Nbd7 10. O-O a5 11. Qd2 Nc5 12. Rad1 Ne6 13. Rfe1 Qe7 14. Ndb5 b6 15. Bf1 Rb8 16. Nd5 Qd7 17. Nbc3 Bb7 18. Bh6 Bh8 19. e5 Nxd5 20. cxd5 Nc5 21. Bb5 c6 22. dxc6 Bxc6 23. Bxc6 Qxc6 24. exd6 Bg7 25. Bxg7 Kxg7 26. Qd4+ Kg8 27. Nd5 Ne6 28. Qe5 Rbd8 29. Nf6+ Kf8 30. Nxh7+ Kg8 31. Nf6+ Kf8 32. Nxe8 Kxe8 33. Qh8+ Kd7 34. Qf6 Kc8 35. Qxf7 Nc5 36. Qxg6 Kb7 37. Qf7+ Ka6 38. Qc4+ Ka7 39. Re7+ Rd7 40. Rxd7+ Qxd7 41. Qd5 Nb7 42. Re1 Qxd6 43. Qxd6 Nxd6 44. h4 1-0

[Event "Sparkassen-Open A"]
[Site "Heusenstamm, Martinsee"]
[Date "2024.11.22"]
[Round "2.55"]
[White "Röß, Jonas"]
[Black "Villwock, Martin"]
[Result "0-1"]
[WhiteElo "1878"]
[BlackElo "2075"]
[PlyCount "64"]
[EventDate "2024.11.21"]
[WhiteTeam "SV Würzburg von 1865 e.V."]
[BlackTeam "SF Essen-Katernberg 0"]

1. e4 c5 2. Nf3 e6 3. d4 cxd4 4. Nxd4 a6 5. Nc3 Qc7 6. Bd3 Nf6 7. O-O d6 8. f4 Nbd7 9. f5 e5 10. Nb3 b5 11. a3 Bb7 12. Be3 Rc8 13. Qe2 Be7 14. Rad1 h5 15. h3 h4 16. Bf2 Nh5 17. Qe1 Nf4 18. Ne2 Nxd3 19. cxd3 Bg5 20. Nc3 Nf6 21. Be3 Bxe3+ 22. Qxe3 O-O 23. Rc1 Qd8 24. Qf2 Nh5 25. Ne2 Qg5 26. Rfd1 d5 27. Nd2 Rxc1 28. Nxc1 Rc8 29. Nf3 Rxc1 30. Rxc1 Qxc1+ 31. Kh2 Qf4+ 32. Kg1 Ng3 0-1

[Event "Sparkassen-Open A"]
[Site "Heusenstamm, Martinsee"]
[Date "2024.11.22"]
[Round "2.56"]
[White "Faßler, Felix"]
[Black "Paeslack, Luis"]
[Result "0-1"]
[WhiteElo "1857"]
[BlackElo "2043"]
[PlyCount "50"]
[EventDate "2024.11.21"]
[WhiteTeam "SC Fulda"]
[BlackTeam "SC Aschaffenburg e.V."]

1. e4 c5 2. d4 cxd4 3. Qxd4 Nc6 4. Qd3 d6 5. Nc3 g6 6. Nf3 Bg7 7. Be2 Bd7 8. O-O Nf6 9. Nd5 O-O 10. c3 Bg4 11. Be3 Rc8 12. Rad1 Nd7 13. Nd4 Nde5 14. Qc2 e6 15. Nf4 Qe7 16. Nb5 Bxe2 17. Qxe2 Rcd8 18. Rd2 a6 19. Nd4 b5 20. Rfd1 Na5 21. b3 Rc8 22. Nf3 Nxf3+ 23. gxf3 Nb7 24. Bd4 Bh6 25. Rd3 Bxf4 0-1

[Event "Sparkassen-Open A"]
[Site "Heusenstamm, Martinsee"]
[Date "2024.11.22"]
[Round "2.57"]
[White "Wachsmann, Dietmar"]
[Black "Köhlich, Viktor"]
[Result "1-0"]
[WhiteElo "2014"]
[BlackElo "1816"]
[PlyCount "73"]
[EventDate "2024.11.21"]
[WhiteTeam "SC Groß-Umstadt"]
[BlackTeam "SC Matt im Park Ffm"]

1. e4 c5 2. Nf3 d6 3. d4 cxd4 4. Nxd4 Nf6 5. Nc3 a6 6. h3 e5 7. Nf3 Be6 8. Ng5 Qc7 9. Nxe6 fxe6 10. g4 g6 11. g5 Nh5 12. Be2 Nf4 13. Bxf4 exf4 14. Bg4 Qc4 15. Qd2 Bg7 16. O-O-O Be5 17. Qd3 Qxd3 18. cxd3 Bxc3 19. bxc3 Ke7 20. d4 Nd7 21. h4 Rac8 22. Rd3 h5 23. Bh3 Rc4 24. Kb2 Rhc8 25. Rhd1 R8c7 26. Bf1 Nb6 27. Kb3 a5 28. Rf3 a4+ 29. Kb2 a3+ 30. Kb3 Ra4 31. Rxf4 e5 32. dxe5 dxe5 33. Rf6 Nc4 34. Rd5 b5 35. Rxb5 Nd2+ 36. Kxa4 Rc4+ 37. Bxc4 1-0

[Event "Sparkassen-Open A"]
[Site "Heusenstamm, Martinsee"]
[Date "2024.11.22"]
[Round "2.58"]
[White "Kirchmann, Sascha"]
[Black "Rosenberger, Frank"]
[Result "1/2-1/2"]
[WhiteElo "1850"]
[BlackElo "2055"]
[PlyCount "47"]
[EventDate "2024.11.21"]
[WhiteTeam "SAbt SU Mühlheim"]
[BlackTeam "SK 1980 Gernsheim"]

1. e4 e6 2. d4 d5 3. e5 c5 4. c3 Qb6 5. Nf3 Bd7 6. Bd3 cxd4 7. cxd4 Nc6 8. Nc3 Nxd4 9. Nxd4 Qxd4 10. Qe2 a6 11. O-O Rc8 12. Kh1 Qh4 13. f4 Nh6 14. Rf3 Ng4 15. h3 g6 16. Bd2 h5 17. Be1 Qd8 18. Rf1 Nh6 19. Bd2 Bc5 20. Rad1 Nf5 21. Bxf5 gxf5 22. Be3 Bb4 23. Qd2 Qh4 24. Bf2 1/2-1/2

[Event "Sparkassen-Open A"]
[Site "Heusenstamm, Martinsee"]
[Date "2024.11.22"]
[Round "2.59"]
[White "Heindrich, Mark"]
[Black "Schulze, Fabian"]
[Result "1-0"]
[WhiteElo "2045"]
[BlackElo "1828"]
[PlyCount "101"]
[EventDate "2024.11.21"]
[WhiteTeam "SAbt TuS Dotzheim"]
[BlackTeam "SC Steinbach"]

1. e4 d5 2. exd5 Qxd5 3. Nf3 Bg4 4. Be2 c6 5. d4 Nf6 6. Nbd2 e6 7. Nf1 Qd8 8. c3 Nbd7 9. Ne3 Bxf3 10. Bxf3 Nb6 11. Qe2 Be7 12. a4 a5 13. O-O O-O 14. Re1 Re8 15. Nc4 Nxc4 16. Qxc4 Nd5 17. Qb3 Qd7 18. g3 Bf8 19. Bg2 Be7 20. Bd2 h6 21. Re2 Rab8 22. Rae1 Qd8 23. Bc1 Qd7 24. f4 h5 25. Bh3 Kh8 26. Qc2 g6 27. b3 Kh7 28. Bb2 Bf6 29. Bg2 Bg7 30. Bf3 Nf6 31. Re5 Nd5 32. Rxh5+ Kg8 33. Rh4 Bf6 34. Rg4 Ne7 35. h4 Nf5 36. Kg2 Nh6 37. Rg5 Bxg5 38. hxg5 Nf5 39. Qf2 b5 40. axb5 Rxb5 41. g4 Nd6 42. Bd1 Qb7 43. Ba3 Qc7 44. Qh4 Kf8 45. c4 Rbb8 46. f5 Ke7 47. fxe6 Rh8 48. Qg3 fxe6 49. Qe5 c5 50. dxc5 Rbf8 51. cxd6+ 1-0

[Event "Sparkassen-Open A"]
[Site "Heusenstamm, Martinsee"]
[Date "2024.11.22"]
[Round "2.60"]
[White "Aktürk, Mustafa Deniz"]
[Black "Fröhlich-Dill, Astrid"]
[Result "1-0"]
[WhiteElo "1888"]
[BlackElo "1794"]
[PlyCount "123"]
[EventDate "2024.11.21"]
[WhiteTeam "Sfr.Mainz 1928"]
[BlackTeam "SV 1920 Hofheim"]

1. e4 g6 2. d4 Bg7 3. Nf3 d6 4. h3 Nc6 5. Bc4 e6 6. O-O Nge7 7. c3 O-O 8. Re1 b6 9. Bf4 d5 10. exd5 Nxd5 11. Bh2 Na5 12. Bf1 Bb7 13. Nbd2 Rc8 14. Ne4 Nf6 15. Nxf6+ Bxf6 16. Nd2 c5 17. dxc5 bxc5 18. Ne4 Bxe4 19. Rxe4 Qb6 20. Qc2 Rfd8 21. Ree1 Rd7 22. Rad1 Rcd8 23. Rxd7 Rxd7 24. b3 Bg5 25. Rd1 Qd8 26. Rxd7 Qxd7 27. b4 cxb4 28. cxb4 Nb7 29. b5 Bd8 30. Qc6 Qe7 31. Be5 f6 32. Bd4 Na5 33. Qa8 Kg7 34. Qxa7 Qxa7 35. Bxa7 Bc7 36. g3 Kf7 37. Bg2 Nc4 38. a4 Ke7 39. f4 Kd6 40. Bf1 Na5 41. b6 Nc6 42. a5 Bb8 43. Bxb8+ Nxb8 44. a6 Nd7 45. a7 Nxb6 46. Kf2 e5 47. Bg2 exf4 48. gxf4 g5 49. fxg5 fxg5 50. Bf3 Ke5 51. Kg3 Kf5 52. Bd1 h6 53. Bc2+ Ke5 54. Kg4 Na8 55. Kh5 Kf4 56. Ba4 Kg3 57. Bd7 Nb6 58. Kxh6 Kh4 59. Kg6 Na8 60. Kf6 Nb6 61. Bg4 Na8 62. Ke7 1-0

[Event "Sparkassen-Open A"]
[Site "Heusenstamm, Martinsee"]
[Date "2024.11.22"]
[Round "2.61"]
[White "Sasikumar Anitha, Sarvesh"]
[Black "Stein, Tobias"]
[Result "1-0"]
[WhiteElo "1827"]
[BlackElo "2034"]
[PlyCount "59"]
[EventDate "2024.11.21"]
[WhiteTeam "SK 1858 Gießen"]
[BlackTeam "SV Alsfeld"]

1. e4 c5 2. Nf3 d6 3. Bb5+ Bd7 4. Bxd7+ Qxd7 5. O-O Nc6 6. c4 g6 7. d4 cxd4 8. Nxd4 Bg7 9. Be3 Nf6 10. f3 O-O 11. Nc3 a6 12. Rc1 Qc7 13. Qd2 e6 14. Rfd1 Rfd8 15. Qf2 Nd7 16. b3 Nc5 17. Nxc6 Qxc6 18. Bd4 Rac8 19. Bxg7 Kxg7 20. Qd4+ f6 21. Ne2 Qb6 22. Kh1 Kf7 23. Ng3 Ke7 24. Qd2 g5 25. f4 Rg8 26. fxg5 Rxg5 27. b4 Nd7 28. c5 Qb5 29. Qxd6+ Kd8 30. c6 1-0

[Event "Sparkassen-Open A"]
[Site "Heusenstamm, Martinsee"]
[Date "2024.11.22"]
[Round "2.62"]
[White "Wuerl, Roland"]
[Black "Donecker, Stefan"]
[Result "1-0"]
[WhiteElo "2013"]
[BlackElo "1803"]
[PlyCount "47"]
[EventDate "2024.11.21"]
[WhiteTeam "SC FK Babenhausen 1994"]
[BlackTeam "SAbt TuS Dotzheim"]

1. d4 e6 2. c4 Bb4+ 3. Nc3 Bxc3+ 4. bxc3 f5 5. e3 Nf6 6. Bd3 Nc6 7. Ne2 b6 8. O-O Bb7 9. f3 Qe7 10. e4 fxe4 11. fxe4 O-O-O 12. Bg5 h6 13. Bxf6 gxf6 14. c5 Rdg8 15. cxb6 axb6 16. Rf2 Rg5 17. Nf4 h5 18. Qe2 Qa3 19. Qd2 Rhg8 20. Raf1 Ba6 21. Bxa6+ Qxa6 22. d5 exd5 23. Nxd5 Ne5 24. Ne7+ 1-0

[Event "Sparkassen-Open A"]
[Site "Heusenstamm, Martinsee"]
[Date "2024.11.22"]
[Round "2.63"]
[White "Junker, Christian"]
[Black "Porstendörfer, Yannik"]
[Result "1-0"]
[WhiteElo "2023"]
[BlackElo "1769"]
[PlyCount "113"]
[EventDate "2024.11.21"]
[WhiteTeam "SV 1926 Neu-Isenburg"]
[BlackTeam "SK 1982 Klingenberg e.V."]

1. Nf3 d5 2. g3 Nf6 3. d3 c6 4. Bg2 Bf5 5. Nbd2 e6 6. O-O Be7 7. Qe1 O-O 8. e4 Bg6 9. Ne5 Nfd7 10. Nxg6 hxg6 11. f4 g5 12. f5 exf5 13. Rxf5 g6 14. Rf1 dxe4 15. Qxe4 Re8 16. Kh1 f5 17. Qc4+ Kg7 18. d4 Nb6 19. Qd3 Bf6 20. Nb3 Na6 21. Bd2 Qd7 22. Rad1 Re6 23. c4 Rae8 24. d5 cxd5 25. cxd5 Rd6 26. Bc3 Na4 27. Bxf6+ Rxf6 28. Qd2 g4 29. Nd4 Nc7 30. Qg5 Nb6 31. d6 Ne6 32. Nxf5+ Rxf5 33. Qxg4 Rxf1+ 34. Bxf1 Qc6+ 35. Bg2 Qc4 36. Qf3 Nc5 37. Rf1 Qe6 38. h4 Ne4 39. Rd1 Nxd6 40. Qc3+ Kh7 41. Qc7+ Nf7 42. Qxb7 Re7 43. Qf3 Qe2 44. Qb3 Qe3 45. Rd3 Qf2 46. Rf3 Re1+ 47. Kh2 Qg1+ 48. Kh3 Ne5 49. Rf8 Nec4 50. Qf3 Qd4 51. Qb7+ Kh6 52. Rf7 Qh8 53. g4 Re3+ 54. Bf3 Rxf3+ 55. Qxf3 Qc8 56. Qf4+ g5 57. Qxg5# 1-0

[Event "Sparkassen-Open A"]
[Site "Heusenstamm, Martinsee"]
[Date "2024.11.22"]
[Round "2.64"]
[White "Wachsmann, Elmar"]
[Black "Moldenhauer, Lennart"]
[Result "1-0"]
[WhiteElo "2011"]
[BlackElo "1784"]
[PlyCount "37"]
[EventDate "2024.11.21"]
[WhiteTeam "SC Groß-Umstadt"]
[BlackTeam "SV Oberursel"]

1. d4 g6 2. c4 Bg7 3. Nc3 d6 4. Nf3 Bg4 5. g3 Bxf3 6. exf3 e5 7. dxe5 dxe5 8. Qb3 Qc8 9. f4 Nc6 10. Bg2 Nd4 11. Qd1 Ne7 12. fxe5 Bxe5 13. O-O O-O 14. Re1 Nec6 15. Rxe5 Nxe5 16. Qxd4 Qe6 17. Bf4 Nc6 18. Bxc6 Rfd8 19. Bd5 1-0

[Event "Sparkassen-Open A"]
[Site "Heusenstamm, Martinsee"]
[Date "2024.11.22"]
[Round "2.65"]
[White "de Reuter, Uwe"]
[Black "Kramer, Lars"]
[Result "1-0"]
[WhiteElo "2012"]
[BlackElo "1704"]
[PlyCount "99"]
[EventDate "2024.11.21"]
[WhiteTeam "Schachforum Darmstadt 1994"]
[BlackTeam "SF 1982 Ötzingen e.V."]

1. d4 Nf6 2. c4 g6 3. Nc3 Bg7 4. e4 d6 5. Nge2 O-O 6. f3 c5 7. d5 Nbd7 8. Ng3 Nb6 9. Be2 e6 10. O-O exd5 11. cxd5 Re8 12. Bg5 h6 13. Bf4 a6 14. Qd2 Kh7 15. a4 Qe7 16. Rfe1 Nbd7 17. h3 Ng8 18. Bd3 Ne5 19. Be2 Qh4 20. Nf1 Qe7 21. Bg3 Nd7 22. f4 b6 23. Bf3 Qf6 24. e5 dxe5 25. Ne4 Qe7 26. d6 Qe6 27. Nf6+ Bxf6 28. Bxa8 e4 29. Rxe4 Bd4+ 30. Kh2 Qxe4 31. Bxe4 Rxe4 32. Re1 Rxe1 33. Qxe1 Ndf6 34. b4 Bd7 35. a5 Nd5 36. axb6 Nxb6 37. Bf2 Nf6 38. bxc5 Bxf2 39. Qxf2 Nbd5 40. Qd4 a5 41. Nd2 a4 42. Nc4 Bb5 43. Na3 Bc6 44. g3 Kg7 45. Nc4 Bb5 46. Ne5 a3 47. d7 Bxd7 48. Nxd7 a2 49. Nxf6 Nxf6 50. c6 1-0

[Event "Sparkassen-Open A"]
[Site "Heusenstamm, Martinsee"]
[Date "2024.11.22"]
[Round "2.66"]
[White "Behr, Julian"]
[Black "Bräutigam, Thomas"]
[Result "0-1"]
[WhiteElo "1803"]
[BlackElo "2010"]
[PlyCount "120"]
[EventDate "2024.11.21"]
[WhiteTeam "Sfr.Mainz 1928"]
[BlackTeam "SC 1957 Bad Königshofen e.V."]

1. e4 c5 2. Nf3 e6 3. d4 cxd4 4. Nxd4 Nc6 5. Nc3 Qc7 6. Be2 a6 7. O-O Nf6 8. Be3 d6 9. f4 Be7 10. Nxc6 bxc6 11. Qe1 d5 12. e5 Nd7 13. Qg3 g6 14. Kh1 c5 15. Bd2 Bb7 16. Bf3 O-O-O 17. b3 Rdg8 18. Na4 h6 19. Qe1 g5 20. Ba5 Qc6 21. c4 g4 22. cxd5 exd5 23. Be2 d4 24. Rg1 h5 25. Bc4 h4 26. e6 h3 27. exd7+ Kb8 28. Qe5+ Ka7 29. Bd5 Qxd5 30. Qxd5 Bxd5 31. Nb6 Bb7 32. Nc8+ Rxc8 33. dxc8=N+ Rxc8 34. Rge1 Bh4 35. Re2 d3 36. Rd2 Bf6 37. Rc1 Bd4 38. Bc3 Be3 39. Rcd1 Re8 40. Rb2 Be4 41. Be1 Bd4 42. Rbd2 Bc3 43. Bf2 Bxd2 44. Rxd2 Kb7 45. Kg1 hxg2 46. Bxc5 Kc6 47. Bb4 Kd5 48. Ba3 Rc8 49. Bb2 Rc2 50. Rxc2 dxc2 51. Kf2 Bf3 52. f5 Ke4 53. f6 Kd3 54. Bc1 Bd5 55. Bf4 Kc3 56. Bc1 Be4 57. Kg1 Kd3 58. Kf2 Bd5 59. Bf4 g1=Q+ 60. Kxg1 Ke2 0-1

[Event "Sparkassen-Open A"]
[Site "Heusenstamm, Martinsee"]
[Date "2024.11.22"]
[Round "2.67"]
[White "Zarriess, Benjamin"]
[Black "Lutterbach, Jakob"]
[Result "0-1"]
[WhiteElo "1751"]
[BlackElo "1914"]
[PlyCount "106"]
[EventDate "2024.11.21"]
[WhiteTeam "Hamburg"]
[BlackTeam "SK Bingen"]

1. e4 c6 2. d4 d5 3. exd5 cxd5 4. Bd3 Nc6 5. c3 Nf6 6. h3 g6 7. Nf3 Bf5 8. O-O Bxd3 9. Qxd3 Qc7 10. Re1 Bg7 11. Be3 O-O 12. Nbd2 Rfe8 13. g3 Nh5 14. Kg2 e6 15. Rac1 Rac8 16. Nb3 Na5 17. Nxa5 Qxa5 18. a3 Qc7 19. Qd2 b6 20. Bh6 Nf6 21. Bxg7 Kxg7 22. Ne5 Ne4 23. Qd3 Nd6 24. Qf3 Qe7 25. Re2 Qf6 26. Rce1 Qxf3+ 27. Kxf3 Nc4 28. Nd3 Rc7 29. Nf4 Rec8 30. h4 h6 31. Nd3 Na5 32. Ke3 h5 33. Kf3 Nb3 34. Kg2 Rb7 35. Nc1 Nxc1 36. Rxc1 b5 37. f4 a5 38. Kf3 b4 39. axb4 axb4 40. Rec2 bxc3 41. bxc3 Rb3 42. Ke3 Kf6 43. Kd3 Kf5 44. Re1 Kg4 45. Re3 Rb1 46. Ke2 Rh1 47. Rd2 Ra8 48. Kd3 Rg1 49. Rh2 Rd1+ 50. Ke2 Ra2+ 51. Kxd1 Rxh2 52. Kc1 Rg2 53. Re1 Kxg3 0-1

[Event "Sparkassen-Open A"]
[Site "Heusenstamm, Martinsee"]
[Date "2024.11.22"]
[Round "2.68"]
[White "Neurohr, Jürgen"]
[Black "Noll, Raphael"]
[Result "1/2-1/2"]
[WhiteElo "1999"]
[BlackElo "1748"]
[PlyCount "76"]
[EventDate "2024.11.21"]
[WhiteTeam "Sfr.Mainz 1928"]
[BlackTeam "SK Marburg 1931/72"]

1. d4 d5 2. c4 e6 3. Nc3 Nf6 4. cxd5 exd5 5. Bg5 c6 6. e3 Bf5 7. Qf3 Bg6 8. Bxf6 Qxf6 9. Qxf6 gxf6 10. Kd2 Nd7 11. h4 h5 12. Bd3 O-O-O 13. Nge2 Bd6 14. Rhe1 Kb8 15. a3 Nb6 16. b3 Rhe8 17. Nd1 Bc7 18. Nb2 Nc8 19. Na4 Nd6 20. Nc5 Ne4+ 21. Bxe4 Bxe4 22. Nxe4 Rxe4 23. g3 Re6 24. Rg1 f5 25. Nc1 b6 26. Ne2 Kb7 27. b4 a6 28. Rgc1 Bd6 29. Rc3 Re7 30. Nc1 Ree8 31. Nb3 Rc8 32. Kd3 Kc7 33. Rg1 Kd7 34. Rb1 f6 35. Rg1 Rg8 36. Rb1 Rge8 37. Rg1 Rg8 38. Rb1 Rge8 1/2-1/2

[Event "Sparkassen-Open A"]
[Site "Heusenstamm, Martinsee"]
[Date "2024.11.22"]
[Round "2.69"]
[White "Althaus, Lennart"]
[Black "Fischermann, Simon"]
[Result "0-1"]
[WhiteElo "1711"]
[BlackElo "1885"]
[PlyCount "52"]
[EventDate "2024.11.21"]
[WhiteTeam "TV-Großostheim 1900 e.V."]
[BlackTeam "SG Porz e. V."]

1. c4 e5 2. Nc3 Nf6 3. g3 c6 4. Bg2 d5 5. cxd5 cxd5 6. d3 Be7 7. Nf3 Nc6 8. O-O O-O 9. a3 d4 10. Na2 Be6 11. Bg5 Nd5 12. Bxe7 Qxe7 13. Nc1 a5 14. Nb3 a4 15. Nbd2 b5 16. Rc1 Rac8 17. Ne4 f6 18. b4 axb3 19. Qxb3 Nc3 20. Qb2 Nxe4 21. dxe4 Bc4 22. a4 Qb4 23. Qxb4 Nxb4 24. Bh3 Ra8 25. Rfe1 Rxa4 26. Bd7 Ra2 0-1

[Event "Sparkassen-Open A"]
[Site "Heusenstamm, Martinsee"]
[Date "2024.11.22"]
[Round "2.71"]
[White "Neukirchner, Pascal"]
[Black "Jansen, Malte"]
[Result "1-0"]
[WhiteElo "2255"]
[BlackElo "1863"]
[PlyCount "65"]
[EventDate "2024.11.21"]
[WhiteTeam "Heilbronner SV"]
[BlackTeam "SJ Herborn 1998"]

1. Nf3 Nf6 2. g3 d5 3. Bg2 e6 4. O-O c5 5. c4 Nc6 6. cxd5 exd5 7. d4 Be7 8. dxc5 Bxc5 9. a3 O-O 10. b4 Be7 11. Nc3 b6 12. Bb2 Bb7 13. Qb3 Qc8 14. Rac1 Rd8 15. Rfd1 Qe6 16. e3 h6 17. Ne2 a5 18. Nf4 Qd6 19. Bxf6 Bxf6 20. Nxd5 Qe6 21. Nxf6+ Qxf6 22. Nd2 axb4 23. axb4 Rab8 24. Nc4 Rxd1+ 25. Rxd1 Nd8 26. Bxb7 Nxb7 27. Rd7 Qe6 28. Qd3 Ra8 29. Qd4 b5 30. Ne5 f6 31. Ng6 Ra1+ 32. Qxa1 Qxd7 33. Qa2+ 1-0

[Event "Sparkassen-Open A"]
[Site "Heusenstamm, Martinsee"]
[Date "2024.11.22"]
[Round "2.72"]
[White "Mukazhanov, Mansur"]
[Black "Serbu, Daniel Elias"]
[Result "1/2-1/2"]
[WhiteElo "1862"]
[BlackElo "2138"]
[PlyCount "120"]
[EventDate "2024.11.21"]
[WhiteTeam "SC Rochade Saarlouis 1993 e.V."]
[BlackTeam "SK Langen"]

1. e4 c5 2. Nf3 e6 3. d4 cxd4 4. Nxd4 Nf6 5. Nc3 d6 6. Bb5+ Bd7 7. O-O Nc6 8. Re1 Be7 9. Be3 Qc7 10. Ba4 a6 11. Nxc6 bxc6 12. Bf4 e5 13. Bd2 O-O 14. Bb3 Rad8 15. f4 Ng4 16. Qf3 exf4 17. Bxf4 Qb6+ 18. Kh1 Nf2+ 19. Kg1 Nd3+ 20. Re3 Nxf4 21. Qxf4 h6 22. Qf2 Bh4 23. g3 Bf6 24. Rd3 Qc7 25. Bc4 Be5 26. Ne2 g6 27. Nf4 Kh7 28. Rf1 f5 29. exf5 Bxf5 30. Rf3 Qg7 31. c3 Rfe8 32. Nh5 Qd7 33. g4 d5 34. gxf5 gxh5 35. Bxa6 Bf6 36. Bd3 Re7 37. Re3 Rxe3 38. Qxe3 Qg7+ 39. Kh1 Rg8 40. Rg1 Qxg1+ 41. Qxg1 Rxg1+ 42. Kxg1 Bg5 43. Kf2 Kg7 44. b3 Kf6 45. Kf3 Ke5 46. a4 Bd2 47. c4 dxc4 48. bxc4 Ba5 49. Kg3 Be1+ 50. Kh3 Kf6 51. Kg2 Ke5 52. h3 Bb4 53. Be2 Kxf5 54. Bxh5 Ke4 55. Kg3 Kd4 56. Bf7 Kc5 57. Kg4 Kb6 58. Kf5 Ka5 59. Be8 Kxa4 60. Bxc6+ Ka5 1/2-1/2

[Event "Sparkassen-Open A"]
[Site "Heusenstamm, Martinsee"]
[Date "2024.11.22"]
[Round "2.73"]
[White "Müller, Riyanna"]
[Black "Sejdovic, Cemal"]
[Result "1-0"]
[WhiteElo "2049"]
[BlackElo "1861"]
[PlyCount "89"]
[EventDate "2024.11.21"]
[WhiteTeam "SC Landskrone"]
[BlackTeam "SK 1959 Bischofsheim"]

1. e4 c5 2. c3 Nc6 3. d4 e6 4. Nf3 Nf6 5. e5 Nd5 6. c4 Nb6 7. d5 Na5 8. b3 d6 9. Bd2 Nd7 10. dxe6 Nxe5 11. Nxe5 dxe5 12. exf7+ Kxf7 13. Qf3+ Kg8 14. Bd3 Nc6 15. Be4 Nd4 16. Bd5+ Be6 17. Bxe6+ Nxe6 18. Qxb7 Be7 19. Nc3 Nd4 20. O-O-O h6 21. Rhe1 Bd6 22. Qe4 Kf7 23. Qd5+ Kg6 24. Nb5 Nxb5 25. cxb5 Qf6 26. Bxh6 Rad8 27. Be3 Rh4 28. Bxc5 Bc7 29. Qc6 Rxd1+ 30. Rxd1 Qxc6 31. bxc6 Rh8 32. Rd7 Rc8 33. Bxa7 Ba5 34. Rd6+ Kf5 35. a3 g6 36. b4 Bc7 37. Rd7 e4 38. b5 Ke6 39. Kd2 Bf4+ 40. Be3 Be5 41. a4 Ra8 42. Ra7 Rc8 43. a5 Kd5 44. a6 Kc4 45. Rb7 1-0

[Event "Sparkassen-Open A"]
[Site "Heusenstamm, Martinsee"]
[Date "2024.11.22"]
[Round "2.74"]
[White "Maul, Kilian"]
[Black "Wambach, Jürgen"]
[Result "0-1"]
[WhiteElo "1849"]
[BlackElo "2015"]
[PlyCount "91"]
[EventDate "2024.11.21"]
[WhiteTeam "SV Oberursel"]
[BlackTeam "SK 1982 Klingenberg e.V."]

1. d4 Nf6 2. c4 c5 3. d5 e5 4. Nc3 d6 5. e4 Be7 6. Be2 O-O 7. g4 Ne8 8. Be3 a6 9. a4 Nc7 10. a5 Nd7 11. Na4 Rb8 12. Qb3 b5 13. axb6 Na8 14. Qc2 Naxb6 15. Nxb6 Qxb6 16. Ra2 Re8 17. h4 Nf6 18. h5 h6 19. Nh3 Nh7 20. O-O Bg5 21. Nxg5 Nxg5 22. Bxg5 hxg5 23. Kg2 Qb3 24. Qxb3 Rxb3 25. Rb1 Bb7 26. Ra3 Rb4 27. b3 Ra8 28. Ra4 Bc8 29. Rxb4 cxb4 30. Ra1 Kf8 31. Ra5 Ke7 32. f3 Bb7 33. c5 dxc5 34. Rxc5 Kd6 35. Ra5 Kc7 36. Bc4 Kb6 37. Ra4 a5 38. Kf2 Bc8 39. Ra1 Bd7 40. Ke3 a4 41. bxa4 Rxa4 42. Rb1 Ra3+ 43. Rb3 Kc5 44. Rxa3 bxa3 45. Kd3 Bb5 46. Bxb5 0-1

[Event "Sparkassen-Open A"]
[Site "Heusenstamm, Martinsee"]
[Date "2024.11.22"]
[Round "2.76"]
[White "Kalepky, Helmut"]
[Black "Mehlen, Theodor"]
[Result "1-0"]
[WhiteElo "1951"]
[BlackElo "1850"]
[PlyCount "145"]
[EventDate "2024.11.21"]
[WhiteTeam "Sfr.Heidesheim"]
[BlackTeam "SC Matt im Park Ffm"]

1. Nf3 d5 2. g3 Nf6 3. Bg2 c6 4. d3 Bf5 5. b3 e6 6. Bb2 Be7 7. O-O h6 8. Nbd2 O-O 9. Ne5 Nbd7 10. Nxd7 Nxd7 11. e4 Bg6 12. Qe2 Bf6 13. e5 Be7 14. Bh3 Qb6 15. Nf3 c5 16. c4 d4 17. Nd2 Qc7 18. Rae1 Rae8 19. f4 Bd8 20. Bg2 f6 21. exf6 Nxf6 22. Ne4 b6 23. Nxf6+ Bxf6 24. Be4 Qf7 25. Bc1 Kh7 26. Qg4 Bxe4 27. Rxe4 Qg6 28. Qxg6+ Kxg6 29. Kg2 Re7 30. Rfe1 Rfe8 31. g4 Bh4 32. R1e2 Kf7 33. Kh3 g5 34. Re5 Kf6 35. Kg2 Rg8 36. f5 Rge8 37. Rxe6+ Rxe6 38. Rxe6+ Rxe6 39. fxe6 Kxe6 40. Bd2 a6 41. Kf3 Ke5 42. b4 Ke6 43. bxc5 bxc5 44. Ba5 Ke5 45. Bc7+ Ke6 46. Ke4 Be1 47. Be5 Ba5 48. Bg7 Bc7 49. Bf8 Bb6 50. Bxh6 Bd8 51. Bf8 Bb6 52. h3 Kf7 53. Bd6 Ke6 54. Bb8 Bd8 55. Bg3 Be7 56. Bc7 Kd7 57. Bb6 Ke6 58. Kf3 Ke5 59. Bc7+ Kf6 60. Ke2 Ke6 61. Kd2 Kd7 62. Ba5 Ke6 63. Kc2 Ke5 64. Bc7+ Bd6 65. Bxd6+ Kxd6 66. Kd2 Ke5 67. Ke2 a5 68. Kf3 a4 69. Kf2 a3 70. Kg3 Kf6 71. h4 gxh4+ 72. Kxh4 Kg6 73. Kg3 1-0